Rethenking the fifth descipline (Record no. 4814)

MARC details
000 -LEADER
fixed length control field 00400nam a22001697a 4500
005 - DATE AND TIME OF LATEST TRANSACTION
control field 20160630094013.0
008 - FIXED-LENGTH DATA ELEMENTS--GENERAL INFORMATION
fixed length control field 160630b xxu||||| |||| 00| 0 eng d
020 ## - INTERNATIONAL STANDARD BOOK NUMBER
ISBN 0-415-18530-0
041 ## - LANGUAGE CODE
Language code of text/sound track or separate title eng
082 ## - DEWEY DECIMAL CLASSIFICATION NUMBER
Item number 10906
100 ## - MAIN ENTRY--AUTHOR NAME
Personal name Flood, Robert Lovis
245 ## - TITLE STATEMENT
Title Rethenking the fifth descipline
260 ## - PUBLICATION, DISTRIBUTION, ETC. (IMPRINT)
Name of publisher Routledge
Year of publication 2000
300 ## - PHYSICAL DESCRIPTION
Number of Pages 194
650 ## - SUBJECT ADDED ENTRY--TOPICAL TERM
Topical Term Management
942 ## - ADDED ENTRY ELEMENTS (KOHA)
Koha item type Books
Holdings
Lost status Damaged status Home library Current library Shelving location Date acquired Cost, normal purchase price Full call number Accession Number Koha item type Collection code
    JRU Library   SHELF-32-H 30/06/2016 375.00 10906 10906 Books  
    JRU Library   SHELF-32-H 30/06/2016 375.00 10906 10907 Books  
    JRU Library JRU Library SHELF-71-F 30/06/2016 375.00 10906 10908 Books MANAGEMENT